000 00740nam a2200217Ia 4500
005 20240530103227.0
008 140319s1980 xx 000 0 ara d
040 _aGCL /
_cGCL
082 0 4 _a412 /
_bت ا
100 1 _aتوفيق محمد شاهين
245 1 0 _aاصول اللغة العربية بين الثنائية والثلاثية /
_cتوفيق محمد شاهين
250 _aالاولى
260 _aالقاهرة :
_bمكتبة وهبة،
_c1980
300 _a96 ص؛
_c24 سم
490 _aدراسات لغوية
_v0
650 0 4 _aالاشتقاق
650 0 4 _aالاصوات اللغوية
650 0 4 _aاللغة العربية
942 _2ddc
_cBK
999 _c37720
_d37720